The yellow book a parent's guide to sexuality eduction / (Record no. 41889)

MARC details
000 -LEADER
fixed length control field 00711nam a22002057a 4500
005 - DATE AND TIME OF LATEST TRANSACTION
control field 20100814134637.0
010 ## - LCCN (DPL NO)
LC control number ENG-100294
020 ## - INTERNATIONAL STANDARD BOOK NUMBER
International Standard Book Number 9788189884772
Terms of availability 295.00
035 ## - SYSTEM CONTROL NUMBER
System control number EN-83826
037 ## - SOURCE OF ACQUISITION
Source of stock number/acquisition DBAD/PUB
082 ## - DEWEY DECIMAL CLASSIFICATION NUMBER
Classification number 613.9071
100 ## - MAIN ENTRY--PERSONAL NAME
Personal name Tarshi
245 ## - TITLE STATEMENT
Title The yellow book a parent's guide to sexuality eduction /
Statement of responsibility, etc by Tarshi
260 ## - PUBLICATION, DISTRIBUTION, ETC. (IMPRINT)
Place of publication, distribution, etc New Delhi
Name of publisher, distributor, etc Zubaan
Date of publication, distribution, etc 2010
270 ## - ADDRESS
Address 128B Shapur Jat Ist Floor
City New Delhi
Postal code 110049
300 ## - PHYSICAL DESCRIPTION
Extent 184p
Dimensions 21cm(pbk)
500 ## - GENERAL NOTE
General note Includes index
942 ## - ADDED ENTRY ELEMENTS (KOHA)
Source of classification or shelving scheme Dewey Decimal Classification
Item type English Books
Classification part 613.9071
Call number suffix TAR
Holdings
Withdrawn status Lost status Not for loan Collection code Home library Current library Date acquired Source of acquisition Cost, normal purchase price Full call number Barcode Copy number Cost, replacement price Koha item type
    Not For Loan Non-fiction D.B.Act.Division D.B.Act.Division 14/08/2010 DBAD/PUB 295.00 613.9071 TAR EN-83826 1 295.00 English Books

© Delhi Public Library
Hit Counter
free hit counter